[Event "Talent CUP 2018 - A"]
[Site "?"]
[Date "2018.12.15"]
[Round "5.5"]
[White "Dylag, Emilia"]
[Black "Kurek, Pavel"]
[Result "1-0"]
[WhiteElo "2015"]
[BlackElo "1633"]
[PlyCount "77"]
[EventDate "2018.??.??"]

1. Nf3 d5 2. g3 c5 3. Bg2 Nf6 4. O-O Nc6 5. d3 Bf5 6. Nbd2 e6 7. c3 Be7 8. Nh4
Bg6 9. h3 Nd7 10. Nxg6 hxg6 11. f4 g5 12. e4 gxf4 13. gxf4 Nf6 14. Qf3 d4 15.
Nc4 Qc7 16. a4 O-O-O 17. a5 e5 18. fxe5 Nxe5 19. Qf5+ Nfd7 20. cxd4 g6 21. Qf4
Nxc4 22. Qxc7+ Kxc7 23. dxc4 cxd4 24. Rxf7 Bc5 25. Bf4+ Kc8 26. a6 bxa6 27.
Rxa6 Rdf8 28. Rc6+ Kd8 29. Bg5+ Ke8 30. Rxd7 Kxd7 31. Rxc5 Ke6 32. h4 d3 33.
Bh3+ Kd6 34. Rd5+ Kc6 35. Rxd3 Rb8 36. b3 a5 37. e5 a4 38. Bd7+ Kc5 39. Bxa4
1-0

[Event "Talent CUP 2018 - A"]
[Site "?"]
[Date "2018.12.15"]
[Round "5.6"]
[White "Warchol, Bartosz"]
[Black "Kovar, Matej"]
[Result "1-0"]
[WhiteElo "1975"]
[BlackElo "1482"]
[PlyCount "21"]
[EventDate "2018.??.??"]

1. d4 e6 2. c4 d5 3. Nf3 Nf6 4. g3 Be7 5. Bg2 O-O 6. O-O dxc4 7. Qc2 a6 8. a4
Nbd7 9. Qxc4 b6 10. Ne5 Rb8 11. Nc6 1-0

[Event "Talent CUP 2018 - A"]
[Site "?"]
[Date "2018.12.15"]
[Round "6.1"]
[White "Mica, Marek"]
[Black "Stalmach, Richard"]
[Result "0-1"]
[WhiteElo "2115"]
[BlackElo "2122"]
[PlyCount "99"]
[EventDate "2018.??.??"]

1. d4 Nf6 2. c4 e6 3. Nf3 Bb4+ 4. Nbd2 d5 5. Qa4+ Nc6 6. e3 O-O 7. a3 Bd6 8. c5
Be7 9. b4 Bd7 10. Qc2 Re8 11. Bd3 Bf8 12. Bb2 g6 13. b5 Ne7 14. O-O c6 15. a4
b6 16. Ne5 bxc5 17. dxc5 Bg7 18. Bd4 Bc8 19. Qc3 Bb7 20. Ndf3 Ne4 21. Qc2 f6
22. Nxc6 Nxc6 23. bxc6 Bxc6 24. Rfd1 Qc7 25. Bxe4 dxe4 26. Nd2 e5 27. Bb2 f5
28. Nc4 Rf8 29. Rd6 Rae8 30. Qb3 Kh8 31. Rad1 Re7 32. Bc3 Be8 33. Qa3 f4 34.
Rd8 f3 35. c6 Re6 36. Bxe5 Rxe5 37. Nxe5 Qxe5 38. Qd6 Qg5 39. g3 Qf5 40. Kh1
Bxc6 41. Qxc6 h5 42. Qd5 Rxd8 43. Qxd8+ Kh7 44. Qd7 Qc5 45. Qd2 Qg5 46. Qc2 Qg4
47. Qc4 Qh3 48. Qf1 Qf5 49. Rb1 Qd5 50. h3 0-1

[Event "Talent CUP 2018 - A"]
[Site "?"]
[Date "2018.12.15"]
[Round "6.2"]
[White "Warchol, Bartosz"]
[Black "Frank, Adam"]
[Result "1-0"]
[WhiteElo "1975"]
[BlackElo "2152"]
[PlyCount "67"]
[EventDate "2018.??.??"]

1. d4 f5 2. Bg5 d5 3. e3 g6 4. c4 c6 5. Nc3 h6 6. Bf4 Nf6 7. Bd3 Bg7 8. Qf3 Be6
9. cxd5 Bxd5 10. Qg3 Kf7 11. Nge2 Nbd7 12. f3 Nh5 13. Qh3 Be6 14. O-O Nhf6 15.
Qg3 g5 16. Bc7 f4 17. Nxf4 Qxc7 18. Bg6+ Kg8 19. Nxe6 Qxg3 20. hxg3 Nf8 21.
Nxf8 Bxf8 22. Rfd1 e6 23. Rac1 Kg7 24. Bc2 Bd6 25. Kf2 Rad8 26. Ne4 Nxe4+ 27.
Bxe4 h5 28. Rh1 e5 29. Rhd1 exd4 30. Rxd4 Be5 31. Rxd8 Rxd8 32. Ke2 Bxg3 33.
Rc5 Bh4 34. g3 1-0

[Event "Talent CUP 2018 - A"]
[Site "?"]
[Date "2018.12.15"]
[Round "6.3"]
[White "Paseka, Matyas"]
[Black "Bochnicka, Vladimir"]
[Result "0-1"]
[WhiteElo "1896"]
[BlackElo "2106"]
[PlyCount "90"]
[EventDate "2018.??.??"]

1. e4 c5 2. Nf3 Nc6 3. d4 cxd4 4. Nxd4 Nf6 5. Nc3 e5 6. Ndb5 d6 7. Bg5 a6 8.
Na3 b5 9. Nd5 Be7 10. Bxf6 Bxf6 11. c3 Bg5 12. Nc2 O-O 13. a4 bxa4 14. Rxa4 a5
15. Bc4 Rb8 16. b4 axb4 17. cxb4 Kh8 18. b5 Ne7 19. Ncb4 Bd7 20. Nxe7 Qxe7 21.
Qe2 Qe8 22. Ra5 Bd8 23. Ra1 Bxb5 24. O-O Bxc4 25. Qxc4 Bb6 26. Nd5 Bd4 27. Ra6
Qd8 28. Qc6 Bc5 29. Qa4 f5 30. exf5 Rxf5 31. Qe4 Rxf2 32. Rxf2 Qh4 33. Qe3 Bxe3
34. Nxe3 Qd4 35. Nf1 Rf8 36. Raa2 h6 37. Rad2 Qc5 38. Rc2 Rxf2 39. Rxf2 e4 40.
h3 d5 41. g4 d4 42. Kg2 d3 43. Rf5 Qc2+ 44. Rf2 Qc1 45. Rd2 e3 0-1

[Event "Talent CUP 2018 - A"]
[Site "?"]
[Date "2018.12.15"]
[Round "6.4"]
[White "Gnojek, Petr"]
[Black "Neumann, Filip"]
[Result "1-0"]
[WhiteElo "2029"]
[BlackElo "1889"]
[PlyCount "103"]
[EventDate "2018.??.??"]

1. d4 d5 2. Nf3 Nc6 3. e3 Bg4 4. Nbd2 Nf6 5. Bb5 e6 6. c4 Bd6 7. c5 Be7 8. Qa4
O-O 9. Bxc6 bxc6 10. Ne5 Bh5 11. Nxc6 Qd7 12. Nxe7+ Qxe7 13. Qa6 Ng4 14. O-O
Qg5 15. Nf3 Qg6 16. h3 Nf6 17. Ne5 Qc2 18. f3 Bg6 19. Nxg6 hxg6 20. Rf2 Qd1+
21. Qf1 Qxf1+ 22. Kxf1 Rab8 23. b3 c6 24. Ke2 Nd7 25. Kd3 f5 26. Bd2 Rb7 27.
Raf1 Nf6 28. Bc3 Rbf7 29. b4 a6 30. Kc2 Rb7 31. Rb1 Rfb8 32. Rb3 Ne8 33. Ra3
Nc7 34. Ra5 Rb5 35. Ra4 Kf7 36. Kd3 Ke7 37. Ra3 Kd7 38. Rb3 R5b7 39. Rfb2 Rf8
40. Be1 Nb5 41. a4 Nc7 42. Bg3 Rfb8 43. Be5 Kc8 44. Bxg7 a5 45. Kc3 Na6 46. b5
Nb4 47. Be5 cxb5 48. Bxb8 bxa4 49. Rxb4 axb4+ 50. Rxb4 Kxb8 51. Rxb7+ Kxb7 52.
Kb4 1-0

[Event "Talent CUP 2018 - A"]
[Site "?"]
[Date "2018.12.15"]
[Round "6.5"]
[White "Wasik, Mateusz"]
[Black "Dylag, Emilia"]
[Result "0-1"]
[WhiteElo "1693"]
[BlackElo "2015"]
[PlyCount "82"]
[EventDate "2018.??.??"]

1. e4 c5 2. Nf3 d6 3. d4 cxd4 4. Nxd4 Nf6 5. Nc3 a6 6. Bc4 e6 7. Bb3 Be7 8. O-O
O-O 9. f4 Qc7 10. Qf3 b5 11. f5 b4 12. Na4 e5 13. Ne2 Bb7 14. Ng3 Bc6 15. c3
Bb5 16. Re1 Qc6 17. Qd1 a5 18. Bg5 Ra7 19. Rc1 Qa6 20. Be3 Rb7 21. Bg5 Nbd7 22.
Qd2 h6 23. Bh4 Re8 24. h3 Qa7+ 25. Kh1 Bf8 26. Qd1 Qf2 27. Qf3 Qxf3 28. gxf3
Reb8 29. c4 Bxa4 30. Bxa4 Nc5 31. Bc2 Nh7 32. Nf1 b3 33. axb3 Nxb3 34. Bxb3
Rxb3 35. Re3 Rxb2 36. Ra1 Rc2 37. Rxa5 Rb1 38. Re1 Rxe1 39. Bxe1 Rc1 40. Bb4
Rxf1+ 41. Kg2 Rb1 0-1

[Event "Talent CUP 2018 - A"]
[Site "?"]
[Date "2018.12.15"]
[Round "6.6"]
[White "Sandor, Martin"]
[Black "Nemec, Jachym"]
[Result "1/2-1/2"]
[WhiteElo "2004"]
[BlackElo "1614"]
[PlyCount "57"]
[EventDate "2018.??.??"]

1. e4 c5 2. Nf3 Nc6 3. d4 cxd4 4. Nxd4 g6 5. c4 Bg7 6. Be3 Nf6 7. Nc3 Ng4 8.
Qxg4 Nxd4 9. Qd1 Ne6 10. Qd2 O-O 11. Be2 d6 12. O-O Qa5 13. Rfc1 Nc5 14. Bd4
Nxe4 15. Qe3 Nxc3 16. Bxc3 Bxc3 17. Rxc3 Be6 18. Bf3 Qc5 19. Qe2 Rab8 20. h4
Rfc8 21. h5 Qe5 22. hxg6 hxg6 23. Re3 Qf6 24. Bd5 Bxd5 25. cxd5 Rc7 26. Re1 Kf8
27. Rf3 Qg7 28. Re3 Qf6 29. Rf3 1/2-1/2

[Event "Talent CUP 2018 - A"]
[Site "?"]
[Date "2018.12.16"]
[Round "7.2"]
[White "Bochnicka, Vladimir"]
[Black "Mica, Marek"]
[Result "1/2-1/2"]
[WhiteElo "2106"]
[BlackElo "2115"]
[PlyCount "106"]
[EventDate "2018.??.??"]

1. e4 e6 2. d4 d5 3. exd5 exd5 4. c4 Nf6 5. Nc3 Be7 6. Bd3 O-O 7. Nge2 dxc4 8.
Bxc4 Nbd7 9. O-O Nb6 10. Bb3 Nbd5 11. Nf4 Nxf4 12. Bxf4 Bd6 13. Be5 Ng4 14. Qe2
Nxe5 15. dxe5 Re8 16. Rad1 Bd7 17. Bxf7+ Kxf7 18. Qh5+ Kg8 19. exd6 cxd6 20.
Rxd6 Qe7 21. Rdd1 Bc6 22. Nd5 Qe2 23. Qxe2 Rxe2 24. b3 Bxd5 25. Rxd5 Rxa2 26.
Rd7 b5 27. h3 Rf8 28. Rc1 Raxf2 29. Rcc7 R2f7 30. Rxa7 Rxd7 31. Rxd7 Rf5 32.
Rb7 h5 33. b4 Kh7 34. Rb6 h4 35. g4 hxg3 36. Kg2 g6 37. Kxg3 Rd5 38. Kf4 Kh6
39. Ke4 Rh5 40. Kd4 Rxh3 41. Rxb5 g5 42. Ke4 Kh5 43. Rb8 Rb3 44. b5 Kh4 45. b6
Rb4+ 46. Ke3 Kg3 47. b7 g4 48. Kd3 Rb3+ 49. Ke2 Rb2+ 50. Ke3 Kg2 51. Rg8 Rxb7
52. Rxg4+ Kh3 53. Rg8 Re7+ 1/2-1/2